00399nam a2200157Ia 45000010006000000050017000060080041000230410008000640820017000721000029000892450074001182600009001923000024002016500008002256540008002332125920260306172906.0260306t2014||||xx |||||||||||||| ||spa|| aESP a344.51bG312 aRojas Vargas, FideleAUT 0aLos delitos contra la vida, el cuerpo y la salud en la jurisprudencia c2014 a670 páginas :c25 aGEN aCDE